Підприємницьке право (Запис № 310757)

МАРК-запис
000 -Лідер
fixed length control field 00666nam a22002657a 4500
003 - Ідентифікатор контрольного номера
control field UA-OsUOA
001 - Контрольний номер
control field 24484
007 - Фіксоване поле фізичного опису
fixed length control field ta
008 - Елементи даних фіксованої довжини – загальна інформація
fixed length control field 20040219b un ||||| |||| 00| 0 ukr d
090 ## - Локальний шифр розміщення
Класифікаційний індекс УДК 346.24(094.9)
Авторський знак (НП) С18
040 ## - Джерело каталогізації
Агенція оригінальної каталогізації UA-OsUOA
Мова каталогізації ukr
Агенція, яка здійснювала перезапис UA-OsUOA
Агенція, яка здійснювала модифікацію UA-OsUOA
041 ## - Код мови
Код мови тексту/ звукової доріжки чи окремого заголовка (П) ukr
080 ## - Індекс Універсальної десяткової класифікації
Індекс Універсальної десяткової класифікації (УДК) (НП) 346.24(094.9)
020 ## - Міжнародний стандартний книжковий номер (ISBN)
Міжнародний стандартний книжковий номер (ISBN) (НП) 966-539-417-7
044 ## - Код країни видавця/ виробника
Код країни видавця/ виробника (П) UA
100 ## - Основне введення – ім’я особи
Ім’я особи (НП) Саніахметова Н.О.
245 ## - Відомості про назву
Назва (НП) Підприємницьке право
Решта назви (НП) Навчальний посібник
260 ## - Публікація, розповсюдження і т.п. (Вихідні дані)
Місце публікації, розповсюдження і т.п. (П) Київ
Ім’я/ наймення видавництва, розповсюджувача і т.п. (П) АСК
Дата публікації, розповсюдження і т.п. (П) 2003
250 ## - Відомості про видання (редакцію)
-- 2-ге вид.
300 ## - Фізичний опис
Обсяг 704 с.
650 #7 - Додаткове предметне введення – тематичний термін
Джерело заголовка чи терміна UDC
942 ## - Додаткові елементи входу (Коха)
Тип елемента Koha Книги
955 ## - Код типу видання за змістом
Код типу видання за змістом (НП) інше
Фонди
Стан вилучень Стан втрат Джерело класифікації або схеми стелажів Стан уражень Не для кредиту Постійне місце розташування Поточне розміщення Дата придбання Інвентарний номер Усього замовленно Повний номер виклику Штрих-код Дата останнього перегляду Ціна ефективна від Тип елемента Koha Вартість, звичайна ціна покупки Перевірено Дата останньої перевірки
    Universal Decimal Classification     АБ - Абонемент НБ АБ - Абонемент НБ 14/08/2006 77754   346.24(094.9) С18 77754 16/12/2021 19/02/2004 Книги      
    Universal Decimal Classification     АБ - Абонемент НБ АБ - Абонемент НБ 14/08/2006 77755   346.24(094.9) С18 77755 16/12/2021 19/02/2004 Книги      
    Universal Decimal Classification     АБ - Абонемент НБ АБ - Абонемент НБ 19/02/2004 77760   346.24(094.9) С18 77760 06/05/2022 19/02/2004 Книги 20.70    
    Universal Decimal Classification     АБ - Абонемент НБ АБ - Абонемент НБ 19/02/2004 77761   346.24(094.9) С18 77761 16/12/2021 19/02/2004 Книги 20.70    
Withdrawn   Universal Decimal Classification     АБ - Абонемент НБ АБ - Абонемент НБ 19/02/2004 77762   346.24(094.9) С18 77762 13/07/2019 19/02/2004 Книги 20.70    
    Universal Decimal Classification     АБ - Абонемент НБ АБ - Абонемент НБ 19/02/2004 77763   346.24(094.9) С18 77763 16/12/2021 19/02/2004 Книги 20.70    
Withdrawn   Universal Decimal Classification     АБ - Абонемент НБ АБ - Абонемент НБ 19/02/2004 77764   346.24(094.9) С18 77764 13/07/2019 19/02/2004 Книги 20.70    
Withdrawn   Universal Decimal Classification     ЧЗ - Читальна зала ЧЗ - Читальна зала 19/02/2004 77756   346.24(094.9) С18 77756 13/07/2019 19/02/2004 Книги 20.70    
    Universal Decimal Classification     ЧЗ - Читальна зала ЧЗ - Читальна зала 19/02/2004 77757   346.24(094.9) С18 77757 09/02/2022 19/02/2004 Книги 20.70    
    Universal Decimal Classification     ЧЗ - Читальна зала ЧЗ - Читальна зала 19/02/2004 77758 1 346.24(094.9) С18 77758 26/07/2019 19/02/2004 Книги 20.70 24/10/2019 26/07/2019
    Universal Decimal Classification     ЧЗ - Читальна зала ЧЗ - Читальна зала 19/02/2004 77759   346.24(094.9) С18 77759 09/02/2022 19/02/2004 Книги 20.70